El proceso de concertación nacional como forma de participación ciudadana /
Αποθηκεύτηκε σε:
| Κύριος συγγραφέας: | |
|---|---|
| Μορφή: | Κείμενο |
| Θέματα: | |
| Ετικέτες: |
Προσθήκη ετικέτας
Δεν υπάρχουν, Καταχωρήστε ετικέτα πρώτοι!
|
MARC
| LEADER | 00000 a a2200000 04500 | ||
|---|---|---|---|
| 001 | 15383 | ||
| 003 | |||
| 040 | |||
| 100 | |a Fernández Chávez, Flory | ||
| 245 | |a El proceso de concertación nacional como forma de participación ciudadana / |c Flory Fernández Chávez | ||
| 650 | |a PARTICIPACION SOCIAL | ||
| 650 | |a INTEGRACION SOCIAL | ||
| 650 | |a CONSENSO | ||
| 650 | |a GOBIERNO | ||
| 650 | |a PUB.IIS | ||
| 773 | |g volumen 43, número 86 -87; páginas 83-93 | ||
| 999 | |c 38518 |d 38518 | ||
| 773 | 0 | |0 18728 |9 4432 |a Universidad de Costa Rica. |d San José, Costa Rica Editorial UCR 1959- |o 16988 |t Revista de Ciencias Sociales/ |x 04825276 | |
